Modern international economics : (Record no. 4447)
[ view plain ]
| 000 -LEADER | |
|---|---|
| fixed length control field | 00807cam a22002531 4500 |
| 001 - CONTROL NUMBER | |
| control field | 4447 |
| 003 - CONTROL NUMBER IDENTIFIER | |
| rucl marc code | BD-RjUL |
| 005 - DATE AND TIME OF LATEST TRANSACTION | |
| control field | 20211208233908.0 |
| 008 - FIXED-LENGTH DATA ELEMENTS--GENERAL INFORMATION | |
| fixed length control field | 131222s1962 nyu 000 0 eng |
| 035 ## - SYSTEM CONTROL NUMBER | |
| System control number | (BD-RjUL)4482 |
| System control number | (OCoLC)506207 |
| 040 ## - CATALOGING SOURCE | |
| Original cataloging agency | DLC |
| Transcribing agency | OClU |
| Modifying agency | DLC |
| -- | BD-RjUL |
| Language of cataloging | eng |
| 041 ## - LANGUAGE CODE | |
| Language code of text/sound track or separate title | eng |
| 082 04 - DEWEY DECIMAL CLASSIFICATION NUMBER | |
| Classification number | 382.01 |
| Edition number | 18 |
| Author mark and year | WAM 1962 |
| 100 1# - MAIN ENTRY--PERSONAL NAME | |
| Personal name | Wasserman, Max Judd |
| 9 (RLIN) | 14066 |
| 245 10 - TITLE STATEMENT | |
| Title | Modern international economics : |
| Remainder of title | a balance of payments approach / |
| Statement of responsibility, etc. | Max J. Wasserman and Charles W. Hultman. |
| 260 ## - PUBLICATION, DISTRIBUTION, ETC. (IMPRINT) | |
| Place of publication, distribution, etc. | New York : |
| Name of publisher, distributor, etc. | Simmons-Boardman Pub. Corp., |
| Date of publication, distribution, etc. | c1962. |
| 300 ## - PHYSICAL DESCRIPTION | |
| Pagination | 494p. : |
| Illustrations | ill. ; |
| Size | 24cm. |
| 504 ## - BIBLIOGRAPHY, ETC. NOTE | |
| Bibliography, etc | Includes bibliography. |
| 650 #0 - SUBJECT ADDED ENTRY--TOPICAL TERM | |
| Topical term or geographic name as entry element | International economic relations |
| 9 (RLIN) | 14067 |
| 700 1# - ADDED ENTRY--PERSONAL NAME | |
| Personal name | Hultman, Charles W., |
| Relator term | jt. auth. |
| 942 ## - ADDED ENTRY ELEMENTS (KOHA) | |
| Source of classification or shelving scheme | Dewey Decimal Classification |
| Koha item type | Books |
| Lost status | Source of classification or shelving scheme | Damaged status | Not for loan | Collection code | Permanent Location | Current Location | Shelving location | Date acquired | Source of acquisition | Cost, normal purchase price | Total Checkouts | Full call number | Date last seen | Copy number | Koha item type |
|---|---|---|---|---|---|---|---|---|---|---|---|---|---|---|---|
| Dewey Decimal Classification | Non-fiction | Central Library, University of Rajshahi | Central Library, University of Rajshahi | 15/07/1964 | Zeitlinger | 40.00 | 382.01 WAM 1962 | 22/12/2013 | C-3 | Books | |||||
| Dewey Decimal Classification | Non-fiction | Central Library, University of Rajshahi | Central Library, University of Rajshahi | 06/07/1976 | USIS | 382.01 WAM 1970 | 23/12/2013 | C-10 | Books | ||||||
| Dewey Decimal Classification | Non-fiction | Central Library, University of Rajshahi | Central Library, University of Rajshahi | 15/07/1964 | Zeetlinger | 40.00 | 382.01 WAM 1962 | 24/07/2016 | C-4 | Books | |||||
| Dewey Decimal Classification | Non-fiction | Central Library, University of Rajshahi | Central Library, University of Rajshahi | 15/07/1964 | Zeetlinger | 40.00 | 382.01 WAM 1962 | 24/07/2016 | C-5 | Books | |||||
| Dewey Decimal Classification | Non-fiction | Central Library, University of Rajshahi | Central Library, University of Rajshahi | 15/07/1964 | Zeetlinger | 40.00 | 382.01 WAM 1962 | 24/07/2016 | C-6 | Books | |||||
| Dewey Decimal Classification | Non-fiction | Central Library, University of Rajshahi | Central Library, University of Rajshahi | 15/07/1064 | Zuitlinger | 40.00 | 382.01 WAM 1962 | 25/07/2016 | C-2 | Books | |||||
| Dewey Decimal Classification | Non-fiction | Central Library, University of Rajshahi | Central Library, University of Rajshahi | 01/08/1973 | Uttarbanga Library, Rajshahi | 15.60 | 382.01 WAM 1970 | 26/07/2016 | C-7 | Books | |||||
| Dewey Decimal Classification | Non-fiction | Central Library, University of Rajshahi | Central Library, University of Rajshahi | 01/08/1973 | Uttarbanga Library, Rajshahi | 15.60 | 382.01 WAM 1970 | 26/07/2016 | C-8 | Books | |||||
| Dewey Decimal Classification | Not For Loan | Non-fiction | Central Library, University of Rajshahi | Central Library, University of Rajshahi | Reading Room | 24/09/1992 | 382.01 WAM 1962 | 19/01/2017 | C-1 | Books |